| 000 | 01213nam0a22003131 4500 | ||
|---|---|---|---|
| 001 | RU\INFOCOMM_318\NLR\5000088272 | ||
| 005 | 20260408071632.0 | ||
| 035 | _a(NLR Aleph) 009456759 | ||
| 090 |
_a8440794 _c8440794 |
||
| 100 | _a20121205d1967 |||y0rusy50 ca | ||
| 101 | 0 | _aeng | |
| 102 | _aRU | ||
| 105 | _ay z ||||| | ||
| 200 | 1 |
_aInfluence of upper Indus basin of the elements of flood hydrograph at Tarbela-Attock _f[By] Mohiuddin Khan ... _gUnited nations educational, scientific and cultural organization. International symposium on floods and their computation. 15-22 Aug. 1967. Leningrad |
|
| 210 |
_aL. _d1967 |
||
| 215 |
_a[2], 12 с. _cграф., карт. _d24 см |
||
| 309 | _aОтпеч. множит. аппаратом | ||
| 320 | _aБиблиогр.: с. 8 | ||
| 620 | _aСанкт-Петербург | ||
| 686 |
_aГф2-456 _2rubbk |
||
| 686 |
_aГф2-880 _2rubbk |
||
| 700 | 1 |
_aKhan _bM. _gMohiuddin |
|
| 712 | 0 | 2 |
_4570 _8por _aUNESCO _7ba _3RU\NLR\AUTH\8810053837 _9608111 |
| 712 | 1 | 2 |
_aInternational symposium on floods and their computation _eLeningrad _f1967 _4570 |
| 801 | 1 |
_aRU _bNLR _c20121205 |
|
| 801 | 0 |
_aRU _bINFOCOMM _gPSBO |
|
| 852 |
_aNLR _jГн11 Д-8/36 |
||
| 942 | _cBOOK | ||
| 980 | _aNB | ||